BIBLIOTHÈQUE DE LA MAISON DU MEXIQUE

Logo 1 Logo 2

Literatura y conocimiento medieval (notice nᵒ 8184)

détails MARC
000 -Sello discográfico
campo de control de longitud fija 01883nam a2200361 4500
005 - Identificación de versión
campo de control 20251016084958.0
010 ## - Número Estándar Internacional de Libros (ISBN)
Número (ISBN) 970-32-1425-8
099 ## - fechas locales
Tipo de ítem Koha LIBRO
100 ## - Datos de procesamiento general
Datos de procesamiento general 20250407d2003 m y1spay5003 ba
105 ## - Campo de datos codificados: Material textual, monográfico
Datos codificados de monografía y 101zy
200 1# - Título y mención de responsabilidad
Título propio Literatura y conocimiento medieval
Designación general del material texto impreso
Otra información del título Actas de las VIII Jornadas Medievales
Primer mención de responsabilidad Edición Lillian von der Walde, Concepción Company, Aurelio González
205 ## - Declaración de edición
Declaración de edición 1a ed
210 ## - Publicación, distribución, etc.
Lugar de publicación, distribución, etc. México
Nombre del editor, distribuidor, etc. Universidad Nacional Autónoma de México, Instituto de Investigaciones Filológicas
-- Universidad Autónoma Metropolitana, Unidad Iztapalapa
-- El Colegio de México, Centro de Estudios Lingüísticos y Literarios
Fecha de publicación, distribución, etc. 2003
215 ## - Descripción física
Designación de material específico y extensión del ítem 518 p
Dimensiones 23 cm
300 ## - Notas generales
Texto de la nota Coloquio Internacional VIII Jornadas Mediavales, llevado a cabo en la Facultad de Filosofía y Letras de la Universidad Nacional Autónoma de México, bajo los auspicios de la institución sede, de El Colegio de México (Centro de Estudios Lingüísticos y Literarios) y de la Universidad Autónoma Metropolitana-Iztapalapa del 18 al 22 de septiembre del año 2000
300 ## - Notas generales
Texto de la nota Incluye referencias bibliográficas
345 ## - Nota de información de adquisición
Fuente de adquisición/dirección de la suscripción [OBSOLETO] Donación
410 #1 - Series
Título Publicaciones de Medievalia
Número de volumen 29
606 ## - Término temático usado como materia
Elemento de entrada Civilización medieval
Subdivisión temática Congresos
Número Koha 14027
606 ## - Término temático usado como materia
Elemento de entrada Literatura medieval
Subdivisión temática Historia y crítica
-- Congresos
Número Koha 14028
660 ## - Código de área geográfica
Código MX
702 ## - Nombre personal - Responsabilidad secundaria
Elemento de entrada Company Company
Parte del nombre distinta del elemento de entrada Concepción María del Pilar
Fechas 1954-
Número Koha 8744
702 ## - Nombre personal - Responsabilidad secundaria
Elemento de entrada González Pérez
Parte del nombre distinta del elemento de entrada Aurelio
Fechas 1947-2022
Número Koha 14029
702 ## - Nombre personal - Responsabilidad secundaria
Elemento de entrada Walde Moheno
Parte del nombre distinta del elemento de entrada Lillian
Adiciones a los nombres que no sean fechas von der
Número Koha 10664
801 ## - Fuente de origen
País FR
Agencia cm
Reglas de catalogación (convenciones descriptivas) AFNOR
856 ## - Localización electrónica y acceso
Identificador Uniforme de Recurso https://repositorio.colmex.mx/concern/books/dj52w7848
900 ## -
-- 1/23743
900 ## -
-- 7100417642\080104
942 ## - ELEMENTOS DE ENTRADA SECUNDARIOS (KOHA)
Tipo de ítem Koha Livre
996 ## -
-- MEX
-- 751145101
-- MMAG
-- 012866
-- 809.02 J82 2000
-- 20250407LIV
Exemplaires
Estatus retirado Estado de daño Estado de pérdida Fecha de adquisición Biblioteca de origen Biblioteca actual Ubicación en estantería Código de barras Precio de reemplazo Signatura topográfica completa No para préstamo Tipo de ítem Koha Nota pública Nota no pública
      05/08/2025 Casa México Paris Casa México Paris   012866 05/08/2025 809.02 J82 2000   Livre 20250407LIV 751145101